| 000 | 00935cam a22002775a 4500 | ||
|---|---|---|---|
| 001 | 18173200 | ||
| 005 | 20160126121939.0 | ||
| 008 | 140602t2015 njua frbd 001 0 eng d | ||
| 020 | _a9780133144796 | ||
| 020 | _a0133144798 | ||
| 040 |
_aDLC _beng _cDLC _dDLC _dEG-ScBUE _dEG-ScBUE |
||
| 082 | 0 | 4 |
_a620.0042028553 _bRIC _222 |
| 100 | 1 |
_aRichard, Paul _q(Paul Fritz) _99241 |
|
| 245 | 1 | 0 |
_aIntroduction to autocad 2015 : _ba modern perspective / _cPaul Richard, Jim Fitzgerald. |
| 260 |
_aUpper Saddle River : _bPearson Education Inc., _cc.2015. |
||
| 300 |
_axxiv, 912 p. : _bill. ; _c28 cm. |
||
| 500 | _aIndex : p. 901-212. | ||
| 500 | _aGlossary : p. 897-900. | ||
| 504 | _aIncludes bibliographical references. | ||
| 630 | 0 | 7 |
_aAutoCAD. _2BUEsh _937593 |
| 650 | 7 |
_aComputer graphics. _2BUEsh _93615 |
|
| 651 | _2BUEsh | ||
| 653 |
_bCOMAME _cAugust2015 _cJanuary2016 |
||
| 700 | 1 |
_aFitzgerald, Jim, _d1964- _99246 |
|
| 942 | _2ddc | ||
| 999 |
_c20394 _d20366 |
||